Derby nel calcio Spagnolo - Statistics

Statistiche generali
  • Questo quiz è stato fatto 252 volte
  • Il punteggio medio è 12 su 20
Statistiche sulle risposte
DERBY SQUADRA % Corretto
El Clásico Barcellona
100%
Real Madrid
100%
Derby di Madrid Atletico Madrid
91%
Derby di Barcellona Barcellona
91%
Real Madrid
91%
El Otro ClásicoL'altro Clásico Atletico Madrid
88%
Siviglia
82%
Espanyol
73%
Derby di Siviglia Real Betis
73%
Barcellona
71%
Valencia
69%
Derby basco Atletic Bilbao
66%
Real Sociedad
42%
Real Madrid
35%
Derby Valenciano Levante
31%
El Viejo ClásicoIl vecchio Clásico Atletic Bilbao
24%
Derbi galego Celta Vigo
18%
Derbi de la Comunitat Valencia
16%
Deportivo La Coruña
14%
Villareal
13%
Nessun quiz corrispondente trovato
Distribuzione punteggi
Percentuale di utenti per punteggio
Percentile per numero di risposta
I tuoi punteggi nel tempo
Non hai fatto questo quiz